Algebra for college students / (Record no. 181973)
[ view plain ]
| 000 -LEADER | |
|---|---|
| fixed length control field | 01030 a2200205 4500 |
| 003 - CONTROL NUMBER IDENTIFIER | |
| control field | NUST |
| 005 - DATE AND TIME OF LATEST TRANSACTION | |
| control field | 20221107134456.0 |
| 010 ## - LIBRARY OF CONGRESS CONTROL NUMBER | |
| LC control number | 79050492 |
| 020 ## - INTERNATIONAL STANDARD BOOK NUMBER | |
| International Standard Book Number | 0124178804 |
| 040 ## - CATALOGING SOURCE | |
| Transcribing agency | Nust |
| 082 00 - DEWEY DECIMAL CLASSIFICATION NUMBER | |
| Classification number | 512,KOL |
| 100 1# - MAIN ENTRY--PERSONAL NAME | |
| Personal name | Kolman, Bernard, |
| 9 (RLIN) | 38800 |
| 245 10 - TITLE STATEMENT | |
| Title | Algebra for college students / |
| Statement of responsibility, etc. | Bernard Kolman, Arnold Shapiro. |
| 260 ## - PUBLICATION, DISTRIBUTION, ETC. | |
| Place of publication, distribution, etc. | New York : |
| Name of publisher, distributor, etc. | Academic Press, |
| Date of publication, distribution, etc. | c1980. |
| 300 ## - PHYSICAL DESCRIPTION | |
| Extent | xvi, 444, [63] p |
| Other physical details | ill. ; |
| Dimensions | 27 cm. |
| 505 ## - FORMATTED CONTENTS NOTE | |
| Formatted contents note | The Real Number Systems (Page-1),Polynomials (Page-41),Linear Equation and In equations (Page-69),World Problems (Page-91),Algebraic Fractions (Page-113),Functions (Page-145),The Straight Line (Page-187),Exponents Radicals and Complex Numbers (Page-215),Second Degree Equation and In equations (Page-249),Exponentials and Logarithmic Functions (Page-279),Analytic Geometry (Page-325),Systems of Equations (Page-359),Matrices and Determination (Page-391),Topics of Algebra (Page-413). |
| 650 #0 - SUBJECT ADDED ENTRY--TOPICAL TERM | |
| Topical term or geographic name entry element | Algebra. |
| 9 (RLIN) | 8509 |
| 700 1# - ADDED ENTRY--PERSONAL NAME | |
| Personal name | Shapiro, Arnold, |
| 9 (RLIN) | 102421 |
| 942 ## - ADDED ENTRY ELEMENTS (KOHA) | |
| Source of classification or shelving scheme | |
| Koha item type | Book |
| Call number prefix | 512,KOL |
| Withdrawn status | Lost status | Source of classification or shelving scheme | Damaged status | Not for loan | Permanent Location | Current Location | Shelving location | Date acquired | Full call number | Barcode | Date last seen | Price effective from | Koha item type | Public note |
|---|---|---|---|---|---|---|---|---|---|---|---|---|---|---|
| Military College of Signals (MCS) | Military College of Signals (MCS) | General Stacks | 12/12/2016 | 512,KOL | MCS7459 | 12/08/2016 | 12/12/2016 | Book | AAlmirah No.10, Shelf No.6 |
